000 00580nam a22002177a 4500
003 UA-OsUOA
001 40256
007 ta
008 20080605b un ||||| |||| 00| 0 ukr d
090 _a82-09
_bВ11
942 _cBR
040 _aUA-OsUOA
_bukr
_cUA-OsUOA
_dUA-OsUOA
245 _aВ. Винниченко. До двадцятиліття з дня смерти
300 _a19 с.
955 _a4
041 _aukr
080 _a82-09
260 _aМельбурн
_c1971
650 7 _a82 Література. Літературознавство
_2UDC
999 _c438773
_d438773